Guess the Language #5 - Statistics

General Stats
  • This quiz has been taken 28 times
  • The average score is 11 of 26
Answer Stats
"My name is" Language % Correct
我嘅名係 Cantonese (Traditional)
92%
내 이름은 Korean
84%
Меня зовут Russian
84%
שמי הוא Hebrew
76%
私の名前は Japanese
76%
Tên tôi là Vietnamese
72%
Mi nombre es Spanish
68%
Benim adım Turkish
64%
Nama saya ialah Malay
60%
Мене звати Ukrainian
52%
ຊື່ຂອງຂ້ອຍແມ່ນ Lao
48%
მე მქვია Georgian
44%
Fy enw i yw Welsh
40%
Nama saya Indonesian
36%
Minu nimi on Estonian
28%
मेरो नाम हो Nepali
28%
মোৰ নাম Assamese
16%
زما نوم دی Pashto
16%
Igama lam Xhosa
16%
Orúkọ mi ni Yoruba
16%
Igama lami ngingu Zulu
16%
Mítt navn er. Faroese
12%
ମୋ ନାଁ Odia
12%
އަޅުގަނޑުގެ ނަމަކީ Divehi
8%
आंनि मुङा Bodo
0%
Ma thuhuu Querétaro Otomi
0%
No matching quizzes found
Score Distribution
Percent of People with Each Score
Percentile by Number Answered
Your Score History
You have not taken this quiz